000 01490nam0a2200373 4500
001 RU\NLR\bibl\971947
005 20260406062246.0
010 _a5-235-02523-7
_95000
021 _aRU
_b2006-34082
_91703
035 _a(NLR Aleph) 000959902
090 _a332830
_c332830
100 _a20060606d2006 |||y0rusy50 ca
101 1 _arus
_cfre
102 _aRU
105 _aa |||||||||
200 1 _aТамерлан
_fЖан-Поль Ру
_g[пер. с фр. Е.А. Соколова
_gпослесл. В.Л. Егорова]
205 _a[Изд. 3-е]
210 _aМосква
_cМолодая гвардия
_d2006
215 _a295, [1] с., [16] л. ил.
_d21
225 1 _aЖизнь замечательных людей
_eсерия биографий
_fоснована в 1890 г. Ф. Павленковым и продолжена в 1933 г. М. Горьким
_vВып. 1201(1001)
320 _aБиблиогр.: с. 279-285
320 _aУказ. имен: с. 269-270
600 0 _aТимур
_cэмир
_f1336 - 1405
_91655721
_3RU\NLR\auth\66733128
686 _aЦ35(0)42-424дТимур
686 _aТ3(2)433.44-8
700 1 _aРу
_bЖ. -П.
_gЖан-Поль
_4070
702 0 _4570
_7ca
_8rus
_aТимур
_cэмир
_f1336-1405
_9122182
_3RU\NLR\AUTH\7712468
801 0 _aRU
_bNLR
_c20041214
_gPSBO
801 1 _aRU
_bNLR
_c20041214
942 _cBOOK
980 _aNB